| 000 | 00694nam a2200217 a 4500 | ||
|---|---|---|---|
| 001 | 000015024 | ||
| 005 | 20240412074242.0 | ||
| 008 | 100129s2006 dr 001 0 spa d | ||
| 020 | _a9945160087 | ||
| 040 |
_aDO-SdBNP _bspa _cBNPHU |
||
| 082 |
_aRD861.44 _bL864p |
||
| 100 | 1 |
_aLópez Larache, José _d1955- _91672 |
|
| 245 | 1 | 0 |
_aPoemas para un olvido / _cJosé López Arache. |
| 260 |
_aSanto Domingo : _bBúho, _c2006. |
||
| 300 |
_a33 p. : _bil. ; _c22 cm. |
||
| 500 | _aIncluye datos biográficos del autor en las solapas | ||
| 590 | _aInventariado, 2018/LP | ||
| 650 | 0 |
_aPoesía dominicana _966 |
|
| 650 | 0 |
_aLiteratura dominicana. _967 |
|
| 910 | _aValidado. Control de calidad BNPHU. | ||
| 999 |
_c14597 _d14597 |
||